| 000 | 00437nam a22001817a 4500 | ||
|---|---|---|---|
| 003 | MPLRDC | ||
| 005 | 20220104123548.0 | ||
| 008 | 210129b ||||| |||| 00| 0 eng d | ||
| 020 | _a962-15-0118-0 | ||
| 082 | _a411.3 CEK | ||
| 100 | _a陈而康编著 | ||
| 245 |
_a海藻食疗 _c |
||
| 260 |
_a _b香港得利书局 _c1988 |
||
| 300 | _b平 | ||
| 490 | _a饮食养生丛书 | ||
| 650 | _a营养与食品 | ||
| 942 |
_cBK _o411.3 CEK |
||
| 999 |
_c12402 _d12392 |
||